|
|
|
|
| LEADER |
00000nab a2200000 a 4500 |
| 001 |
vtls000071480 |
| 003 |
SK-MaSNL |
| 005 |
20260304010727.0 |
| 008 |
111103c1980 xo 0 slo |
| 015 |
|
|
|a SNBRB19rr/mm-uuuuu
|
| 035 |
|
|
|a CL0081581
|
| 040 |
|
|
|a SNKBUCL
|b slo
|c SNKBUCL
|e AACR2
|
| 041 |
0 |
|
|a slo
|
| 044 |
|
|
|a xo
|c SK
|
| 080 |
|
|
|a 792.5
|2 1981
|
| 100 |
1 |
|
|a Ondrášek, Ivan
|4 aut
|9 278054
|
| 245 |
1 |
0 |
|a Repertoárový prínos
|b Straussova Elektra v opere SND
|c Ivan Ondrášek
|
| 600 |
1 |
7 |
|a Strauss, Richard,
|d 1864-1949
|t Elektra
|2 snkbucl
|9 859480
|
| 610 |
2 |
7 |
|a Slovenské národné divadlo.
|b Opera
|2 snkbucl
|9 65024
|
| 650 |
0 |
7 |
|a opery
|2 snkbucl
|9 3214
|
| 655 |
|
7 |
|a články z novín a časopisov
|2 snkbucl
|9 267496
|
| 773 |
0 |
|
|t Práca
|g Roč. 35, č. 247 (18. 10. 1980), s. 6
|
| 850 |
|
|
|a Slovenská národná knižnica v Martine
|a MTA001
|
| 852 |
|
|
|a SNK
|b KIS3GCP
|
| 958 |
|
|
|a RK
|
| 992 |
|
|
|a RBX
|
| 999 |
|
|
|c 2562613
|d 2564543
|